Statistiken für Fast Mathe - doppelte diese Nummer!

Klicken Sie hier um das Quiz zu spielen!

Allgemein

  • Dieses Quiz wurde 3.102 mal gespielt
  • Das Durchschnittsergebnis liegt bei 12 aus 20

Antwortstatistiken

NummerZweifach% Korrekt
5001000
100%
5031006
100%
5041008
100%
5071014
100%
51102
100%
5101020
100%
5191038
100%
52104
100%
5211042
100%
5221044
100%
5241048
100%
5301060
100%
5311062
100%
5331066
100%
54108
100%
5431086
100%
5501100
100%
5541108
100%
5571114
100%
612
100%
6021204
100%
6301260
100%
64128
100%
6401280
100%
6421284
100%
6501300
100%
6581316
100%
66132
100%
6701340
100%
714
100%
70140
100%
7121424
100%
7231446
100%
78156
100%
7871574
100%
816
100%
80160
100%
8011602
100%
8051610
100%
82164
100%
8331666
100%
8491698
100%
87174
100%
8701740
100%
918
100%
9101820
100%
9171834
100%
92184
100%
9251850
100%
1020
100%
100200
100%
105210
100%
107214
100%
108216
100%
1122
100%
131262
100%
132264
100%
134268
100%
140280
100%
1530
100%
155310
100%
1632
100%
170340
100%
1938
100%
200400
100%
201402
100%
205410
100%
206412
100%
2142
100%
214428
100%
219438
100%
221442
100%
226452
100%
2346
100%
232464
100%
236472
100%
241482
100%
253506
100%
262524
100%
2856
100%
302604
100%
3162
100%
311622
100%
315630
100%
321642
100%
3468
100%
348696
100%
375750
100%
400800
100%
4182
100%
4386
100%
439878
100%
4488
100%
440880
100%
4794
100%
4998
100%
490980
100%
2448
93%
421842
93%
6151230
92%
72144
92%
1428
92%
212424
92%
322644
92%
5011002
91%
6011202
91%
7031406
91%
8021604
91%
113226
91%
122244
91%
124248
91%
242484
91%
3060
91%
350700
91%
4080
91%
411822
91%
412824
91%
5161032
90%
56112
90%
8221644
90%
9301860
90%
121242
90%
1734
90%
410820
90%
443886
90%
5111022
89%
58116
89%
8201640
89%
9361872
89%
117234
89%
213426
89%
2550
89%
275550
89%
312624
89%
3264
89%
3672
89%
414828
89%
480960
89%
5201040
88%
6031206
88%
6101220
88%
6111222
88%
62124
88%
7001400
88%
7131426
88%
7601520
88%
9121824
88%
9501900
88%
97194
88%
99198
88%
112224
88%
158316
88%
176352
88%
1836
88%
203406
88%
208416
88%
230460
88%
260520
88%
305610
88%
336672
88%
429858
88%
5091018
86%
5131026
86%
5991198
86%
6321264
86%
7041408
86%
7081416
86%
7211442
86%
7501500
86%
8031606
86%
8151630
86%
9091818
86%
96192
86%
126252
86%
137274
86%
154308
86%
156312
86%
202404
86%
207414
86%
2244
86%
224448
86%
244488
86%
259518
86%
308616
86%
320640
86%
323646
86%
3366
86%
399798
86%
405810
86%
428856
86%
441882
86%
448896
86%
450900
86%
95190
85%
102204
85%
460920
85%
5061012
83%
53106
83%
55110
83%
5591118
83%
60120
83%
6001200
83%
7071414
83%
7201440
83%
7311462
83%
84168
83%
8501700
83%
9031806
83%
9271854
83%
94188
83%
9801960
83%
1224
83%
133266
83%
139278
83%
180360
83%
283566
83%
299598
83%
303606
83%
331662
83%
407814
83%
422844
83%
6041208
82%
6071214
82%
7141428
82%
90180
82%
9321864
82%
2040
82%
240480
82%
430860
82%
444888
82%
459918
82%
4692
82%
5081016
80%
5151030
80%
5601120
80%
57114
80%
5801160
80%
6201240
80%
6351270
80%
7021404
80%
7171434
80%
7431486
80%
7581516
80%
8111622
80%
8341668
80%
86172
80%
91182
80%
9141828
80%
9181836
80%
9901980
80%
101202
80%
106212
80%
114228
80%
123246
80%
144288
80%
146292
80%
150300
80%
152304
80%
160320
80%
165330
80%
171342
80%
211422
80%
233466
80%
246492
80%
247494
80%
254508
80%
255510
80%
261522
80%
270540
80%
2958
80%
291582
80%
314628
80%
316632
80%
335670
80%
342684
80%
3570
80%
390780
80%
408816
80%
434868
80%
435870
80%
483966
80%
497994
80%
3978
79%
5051010
78%
5231046
78%
5391078
78%
5401080
78%
5451090
78%
5651130
78%
61122
78%
63126
78%
65130
78%
6521304
78%
8061612
78%
8601720
78%
8991798
78%
9521904
78%
9701940
78%
104208
78%
111222
78%
116232
78%
161322
78%
199398
78%
218436
78%
235470
78%
252504
78%
258516
78%
318636
78%
339678
78%
3876
78%
402804
78%
404808
78%
216432
76%
5181036
75%
5411082
75%
5461092
75%
5901180
75%
6161232
75%
6171234
75%
6311262
75%
7011402
75%
7101420
75%
7181436
75%
7241448
75%
7411482
75%
77154
75%
7801560
75%
8101620
75%
8191638
75%
8321664
75%
9161832
75%
9201840
75%
9211842
75%
9861972
75%
9931986
75%
110220
75%
119238
75%
1326
75%
141282
75%
143286
75%
145290
75%
162324
75%
249498
75%
2652
75%
288576
75%
301602
75%
306612
75%
351702
75%
352704
75%
354708
75%
360720
75%
370740
75%
386772
75%
401802
75%
416832
75%
420840
75%
427854
75%
433866
75%
486972
75%
6231246
73%
115230
73%
209418
73%
217434
73%
256512
73%
453906
73%
135270
72%
409818
72%
5121024
71%
5261052
71%
5421084
71%
5551110
71%
6091218
71%
6461292
71%
6601320
71%
7051410
71%
7271454
71%
7531506
71%
7771554
71%
8041608
71%
8441688
71%
88176
71%
9001800
71%
9081816
71%
127254
71%
130260
71%
210420
71%
231462
71%
243486
71%
290580
71%
313626
71%
345690
71%
425850
71%
442884
71%
4590
71%
455910
71%
475950
71%
492984
71%
5701140
70%
73146
70%
7521504
70%
9021804
70%
9071814
70%
9401880
70%
120240
70%
187374
70%
190380
70%
204408
70%
215430
70%
284568
70%
293586
70%
431862
70%
436872
70%
438876
70%
454908
70%
85170
69%
89178
69%
9111822
69%
333666
69%
5021004
67%
5291058
67%
5321064
67%
5511102
67%
5661132
67%
5861172
67%
6431286
67%
6441288
67%
6451290
67%
6541308
67%
68136
67%
6801360
67%
69138
67%
6901380
67%
7151430
67%
7281456
67%
7301460
67%
7361472
67%
7491498
67%
75150
67%
7611522
67%
79158
67%
7921584
67%
8071614
67%
8091618
67%
8141628
67%
8171634
67%
8391678
67%
8411682
67%
8801760
67%
9051810
67%
9221844
67%
9881976
67%
125250
67%
136272
67%
142284
67%
149298
67%
166332
67%
181362
67%
220440
67%
222444
67%
234468
67%
248496
67%
268536
67%
2754
67%
272544
67%
274548
67%
300600
67%
307614
67%
309618
67%
324648
67%
329658
67%
344688
67%
357714
67%
361722
67%
394788
67%
403806
67%
406812
67%
4284
67%
446892
67%
451902
67%
471942
67%
482964
67%
5441088
64%
5521104
64%
6121224
64%
67134
64%
7061412
64%
8211642
64%
8241648
64%
8281656
64%
83166
64%
9131826
64%
317634
64%
376752
64%
5471094
63%
5481096
63%
5851170
63%
6391278
63%
6951390
63%
7251450
63%
7331466
63%
7351470
63%
7391478
63%
7451490
63%
7791558
63%
8131626
63%
8351670
63%
8511702
63%
8681736
63%
9061812
63%
9261852
63%
9451890
63%
9741948
63%
9811962
63%
9911982
63%
128256
63%
184368
63%
251502
63%
279558
63%
330660
63%
332664
63%
424848
63%
449898
63%
76152
62%
179358
62%
186372
62%
371742
62%
5171034
60%
5811162
60%
59118
60%
6131226
60%
6671334
60%
6811362
60%
71142
60%
7341468
60%
7401480
60%
7511502
60%
7661532
60%
7991598
60%
81162
60%
8231646
60%
8401680
60%
8471694
60%
8551710
60%
9011802
60%
9191838
60%
9481896
60%
9711942
60%
103206
60%
148296
60%
157314
60%
182364
60%
195390
60%
271542
60%
285570
60%
304608
60%
343686
60%
358716
60%
363726
60%
364728
60%
366732
60%
383766
60%
396792
60%
458916
60%
464928
60%
466932
60%
5351070
58%
5531106
58%
7701540
58%
7831566
58%
228456
58%
263526
58%
265530
58%
5251050
57%
5341068
57%
5741148
57%
5781156
57%
6561312
57%
6681336
57%
7911582
57%
8521704
57%
8731746
57%
8751750
57%
8841768
57%
9281856
57%
93186
57%
9311862
57%
9411882
57%
9431886
57%
9681936
57%
9771954
57%
164328
57%
191382
57%
245490
57%
250500
57%
295590
57%
325650
57%
328656
57%
338676
57%
413826
57%
419838
57%
476952
57%
5611122
56%
5751150
56%
6791358
56%
6831366
56%
6921384
56%
7321464
56%
7381476
56%
7461492
56%
7901580
56%
8301660
56%
8451690
56%
8541708
56%
8561712
56%
8971794
56%
9341868
56%
9551910
56%
118236
56%
147294
56%
153306
56%
159318
56%
175350
56%
192384
56%
239478
56%
282564
56%
310620
56%
334668
56%
353706
56%
362724
56%
495990
56%
499998
56%
6341268
55%
6721344
54%
6761352
54%
9561912
54%
478956
54%
50100
50%
5141028
50%
5581116
50%
5691138
50%
5761152
50%
5941188
50%
5951190
50%
5971194
50%
6051210
50%
6081216
50%
6141228
50%
6271254
50%
6281256
50%
6381276
50%
6511302
50%
6571314
50%
6631326
50%
6661332
50%
6741348
50%
6981396
50%
74148
50%
7421484
50%
7631526
50%
7681536
50%
7691538
50%
7761552
50%
8001600
50%
8081616
50%
8121624
50%
8591718
50%
8621724
50%
8631726
50%
8781756
50%
8811762
50%
8861772
50%
8881776
50%
8901780
50%
8951790
50%
9041808
50%
9231846
50%
9331866
50%
9371874
50%
9391878
50%
9471894
50%
9531906
50%
9571914
50%
9601920
50%
9641928
50%
9671934
50%
9751950
50%
98196
50%
9941988
50%
109218
50%
129258
50%
151302
50%
163326
50%
185370
50%
193386
50%
196392
50%
197394
50%
198396
50%
223446
50%
225450
50%
238476
50%
264528
50%
269538
50%
280560
50%
292584
50%
294588
50%
298596
50%
346692
50%
349698
50%
367734
50%
374748
50%
378756
50%
380760
50%
398796
50%
415830
50%
426852
50%
456912
50%
465930
50%
470940
50%
4896
50%
484968
50%
485970
50%
494988
50%
496992
50%
498996
50%
8161632
47%
6241248
46%
7851570
46%
8981796
46%
369738
46%
6531306
45%
6751350
45%
7111422
45%
8311662
45%
8421684
45%
237474
45%
373746
45%
382764
45%
479958
45%
5371074
44%
5681136
44%
6251250
44%
6331266
44%
6411282
44%
6491298
44%
6651330
44%
7571514
44%
7641528
44%
7891578
44%
8931786
44%
8961792
44%
177354
44%
227454
44%
296592
44%
337674
44%
377754
44%
379758
44%
381762
44%
418836
44%
432864
44%
493986
44%
5711142
43%
5721144
43%
5911182
43%
6061212
43%
6211242
43%
6361272
43%
6611322
43%
7161432
43%
8251650
43%
8711742
43%
9151830
43%
9621924
43%
257514
43%
276552
43%
277554
43%
286572
43%
297594
43%
326652
43%
368736
43%
3774
43%
392784
43%
393786
43%
423846
43%
477954
43%
491982
43%
6961392
42%
9441888
42%
287574
42%
289578
42%
463926
42%
467934
42%
510
40%
5621124
40%
5771154
40%
5831166
40%
5921184
40%
6221244
40%
6551310
40%
6621324
40%
6881376
40%
7471494
40%
7671534
40%
7711542
40%
7741548
40%
7951590
40%
7961592
40%
8461692
40%
8611722
40%
8661732
40%
8721744
40%
8761752
40%
8791758
40%
9511902
40%
9611922
40%
9631926
40%
138276
40%
167334
40%
173346
40%
194388
40%
266532
40%
267534
40%
273546
40%
327654
40%
340680
40%
341682
40%
355710
40%
356712
40%
359718
40%
387774
40%
469938
40%
5361072
38%
5641128
38%
5841168
38%
6191238
38%
6851370
38%
6911382
38%
7091418
38%
7191438
38%
7481496
38%
7541508
38%
7721544
38%
8181636
38%
8271654
38%
8381676
38%
8581716
38%
8831766
38%
8891778
38%
8921784
38%
9381876
38%
278556
38%
319638
38%
457914
38%
461922
38%
472944
38%
473946
38%
6591318
36%
8371674
36%
8691738
36%
9661932
36%
9851970
36%
5381076
33%
5631126
33%
5821164
33%
5981196
33%
6261252
33%
6641328
33%
6991398
33%
7261452
33%
7751550
33%
7821564
33%
7841568
33%
8261652
33%
8481696
33%
8641728
33%
8851770
33%
8941788
33%
9421884
33%
9541908
33%
9691938
33%
174348
33%
188376
33%
365730
33%
372744
33%
388776
33%
397794
33%
462924
33%
489978
33%
5731146
31%
488976
31%
5931186
30%
6291258
30%
6481296
30%
7731546
30%
8571714
30%
8871774
30%
9731946
30%
168336
30%
229458
30%
447894
30%
5561112
29%
6471294
29%
6731346
29%
6781356
29%
6891378
29%
6971394
29%
7221444
29%
7371474
29%
7441488
29%
7561512
29%
7861572
29%
9291858
29%
9581916
29%
9921984
29%
178356
29%
183366
29%
281562
29%
5281056
27%
5491098
27%
6711342
27%
6771354
27%
6841368
27%
7931586
27%
8531706
27%
9591918
27%
384768
27%
5791158
25%
6931386
25%
7551510
25%
7651530
25%
7781556
25%
7811562
25%
8431686
25%
8821764
25%
9241848
25%
9781956
25%
9871974
25%
417834
25%
437874
25%
5871174
22%
6861372
22%
7291458
22%
9651930
22%
5671134
20%
6181236
20%
8291658
20%
8361672
20%
8771754
20%
8911782
20%
9351870
20%
9841968
20%
172344
20%
189378
20%
395790
20%
445890
20%
452904
20%
468936
20%
481962
20%
5271054
17%
6821364
17%
7941588
17%
7971594
17%
8651730
17%
8671734
17%
9721944
17%
9761952
17%
9821964
17%
9831966
17%
347694
17%
385770
17%
391782
17%
5881176
14%
6871374
14%
8741748
14%
5891178
13%
5961192
13%
7621524
13%
9491898
13%
6371274
11%
6691338
10%
7591518
10%
487974
9%
6941388
0%
7881576
0%
7981596
0%
9461892
0%
9791958
0%
9891978
0%
169338
0%
389778
0%
474948
0%

Verteilung der Resultate

Perzentil nach korrekt beantworteten Fragen

Anzahl Personen mit jedem Resultat

Ihre Resultats-Entwicklung

Sie haben dieses Quiz noch nicht gespielt